Top 15 landen met Covid-19 sterfgevallen - 19 augustus - Statistieken

Algemene statistieken
  • Deze quiz is 3 keer genomen
  • De gemiddelde score is 9 van 20
Antwoordstatistieken
land % Correct
Brazilië
100%
Frankrijk
100%
Italië
100%
Nederland
100%
Spanje
100%
Verenigde Staten
100%
België
67%
India
67%
Mexico
67%
Peru
33%
Rusland
33%
Verenigd Koninkrijk
33%
Bolivia
0%
Chili
0%
Colombia
0%
Ierland
0%
Iran
0%
Panama
0%
Zuid-Afrika
0%
Zweden
0%
Geen overeenkomende quizzen gevonden
Scoreverdeling
Procent van Mensen met Elke Score
Percentiel versus Aantal Correcte Antwoorden
Uw Scoregeschiedenis
U heeft deze quiz nog niet genomen